000 00536nam a2200229Ia 4500
003 OSt
005 20221005124402.0
006 a|||||r|||| 00| 0
007 ta
008 221004b |||||||| |||| 00| 0 eng d
024 _a52636
037 _cTextual
040 _aCRL
_cCRL
_beng
041 _2eng
_aeng
082 _aQ7:21x, 28F9
100 _aMuftah
_9635134
245 0 _aMuftah ul-Quran
260 _c1929
650 _aRELIGION
942 _hQ7:21x, 28F9
_cTEXL
_2cc
999 _c1050306
_d1050306